| 000 | 00479nam a2200181Ia 4500 | ||
|---|---|---|---|
| 005 | 20250508151204.0 | ||
| 008 | 008 250505s9999 xx 000 0 eng d | ||
| 037 | _aTextual | ||
| 040 |
_aFEDL _beng _cFEDL |
||
| 041 |
_aeng _2eng |
||
| 084 |
_a371.62, GRE _qFEDL |
||
| 245 | 0 | _aBuilding bulletin No. 6 primary school plans | |
| 245 | 0 | _cMinistry of Education | |
| 260 | _c1951 | ||
| 300 | _a36p. | ||
| 942 |
_cTEXL _h371.62, GRE |
||
| 999 |
_c1328139 _d1328139 |
||